01098nam a22002657a 45000010005000000030006000050050017000110080041000280200019000690400033000880500015001210820012001361000030001482450059001782600042002373000025002795050007003045200304003115210018006155210018006337000022006519420015006739990015006889520129007034040FISKH20240603105431.0240603b cb ||||| |||| 00| 0 eng d a9780553497311  aFISKH beng cFISKH dFISKH  aPZ7.P3166  a813.00  aPearsall Shelley d1966-  aThe seventh most important thing / cShelley Pearsall  aNew York : bA Yearling Book, c2016  a278 pages : c20 cm  aM  a"In 1963, thirteen-year-old Arthur is sentenced to community service helping the neighborhood Junk Man after he throws a brick at the old man's head in a moment of rage, but the junk he collects might be more important than he suspects. Inspired by the work of American folk artist James Hampton"-- 8 a760 bLexile 8 aM bRaz-Plus  aShelley Pearsall  2ddccBKn0 c4040d4040 00102ddc40708FICa001b001cTTPd2024-06-03l0oPEA PZ7.P3166 813.00 p2024-0776r2024-06-03 10:55:38t1w2024-06-03yBK